Statistics for Top 10 Chicago Bulls Players

Click here to take the quiz!

General Stats

  • This quiz has been taken 83 times
  • The average score is 6 of 10

Answer Stats

WSPositionYearsPlayer% Correct
204.5Guard1985-1993, 1995-1998Michael Jordan
100%
99.7Forward1988-1998, 2004Scottie Pippen
99%
57.3Center2008-2016Joakim Noah
72%
49.3Guard2012-2017Jimmy Butler
65%
62.4Forward1988-1994Horace Grant
57%
66.5Center1977-1988Artis Gilmore
55%
58.4Forward2005-2014Luol Deng
51%
48.2Forward1969-1977Bob Love
44%
48.1Guard1967-1976Jerry Sloan
38%
67.0Forward1970-1975Chet Walker
15%

Score Distribution

Percentile by Number Answered

Percent of People with Each Score

Your Score History

You have not taken this quiz